000 00331nam a22001457a 4500
008 221124b ||||| |||| 00| 0 eng d
020 _a9781848721029
041 _aeng
080 _2THIRD EDITION
_a159.9
082 _a159.9 EYS
100 _a25
101 _aPSI
245 _aSIMPLY PSYCHOLOGY
_cMICHAEL W.E
942 _2udc
_cBK
999 _c59022
_d59022